Transistor circuit design (Record no. 23504)

000 -LEADER
fixed length control field 00584nam a22002171 4500
001 - CONTROL NUMBER
control field 23504
003 - CONTROL NUMBER IDENTIFIER
control field BD-DhUET
008 - FIXED-LENGTH DATA ELEMENTS--GENERAL INFORMATION
fixed length control field 721219s1963 nyua b 000 0 eng
040 ## - CATALOGING SOURCE
Original cataloging agency DLC
Transcribing agency DLC
Modifying agency BD-DhUET
082 ## - DEWEY DECIMAL CLASSIFICATION NUMBER
Classification number 623.8151
Item number TEX/1963
110 ## - MAIN ENTRY--CORPORATE NAME
Corporate name or jurisdiction name as entry element Texas Instruments Incorporated
245 10 - TITLE STATEMENT
Title Transistor circuit design
250 ## - EDITION STATEMENT
Edition statement 1st ed.
260 ## - PUBLICATION, DISTRIBUTION, ETC. (IMPRINT)
Place of publication, distribution, etc. New York
Name of publisher, distributor, etc. McGraw-Hill
Date of publication, distribution, etc. 1963
300 ## - PHYSICAL DESCRIPTION
Extent xi, 523 p.
Other physical details ill.
Dimensions 26 cm.
504 ## - BIBLIOGRAPHY, ETC. NOTE
Bibliography, etc Includes bibliographies
650 #0 - SUBJECT ADDED ENTRY--TOPICAL TERM
Topical term or geographic name as entry element Transistor : Electronics
700 ## - ADDED ENTRY--PERSONAL NAME
Personal name Walston, Joseph A.
700 ## - ADDED ENTRY--PERSONAL NAME
Personal name Miller, John R.
942 ## - ADDED ENTRY ELEMENTS (KOHA)
Koha item type Corporate Publication
Holdings
Source of classification or shelving scheme Price effective from Location (home branch) Lost status Koha normalized classification for sorting Koha date last seen Koha full call number Koha item type Shelving location Copy number Not for loan Piece designation (barcode) Date acquired Sublocation or collection (holding branch) Withdrawn status Damaged status
 2015-05-04Central Library, BUET 623_815100000000000_TEX_19632015-05-04623.8151/TEX/1963 Corporate PublicationCirculation section1 306102015-05-04Central Library, BUET  
 2015-05-04Central Library, BUET 623_815100000000000_TEX_19632015-05-04623.8151/TEX/1963Corporate PublicationCirculation section2 306072015-05-04Central Library, BUET  
 2015-05-04Central Library, BUET 623_815100000000000_TEX_19632015-05-04623.8151/TEX/1963 Corporate PublicationCirculation section3 306122015-05-04Central Library, BUET  
 2015-05-04Central Library, BUET 623_815100000000000_TEX_19632015-05-04623.8151/TEX/1963Corporate PublicationCirculation section4 306132015-05-04Central Library, BUET  
 2015-05-04Central Library, BUET 623_815100000000000_TEX_19632015-05-04623.8151/TEX/1963 Corporate PublicationCirculation section5 266872015-05-04Central Library, BUET  
 2015-05-07Central Library, BUET 623_815100000000000_TEX_19632015-05-07623.8151/TEX/1963Corporate PublicationCirculation section6 306082015-05-07Central Library, BUET  
 2015-05-07Central Library, BUET 623_815100000000000_TEX_19632015-05-07623.8151/TEX/1963Corporate PublicationCirculation section7 306062015-05-07Central Library, BUET  
 2015-05-07Central Library, BUET 623_815100000000000_TEX_19632015-05-07623.8151/TEX/1963Corporate PublicationCirculation section8 306092015-05-07Central Library, BUET  
 2015-06-25Central Library, BUET 623_815100000000000_TEX_19632015-06-25623.8151/TEX/1963Corporate PublicationReading section9 306042015-06-25Central Library, BUET  
 2015-06-25Central Library, BUET 623_815100000000000_TEX_19632015-06-25623.8151/TEX/1963Corporate PublicationReading section10 99682015-06-25Central Library, BUET  
 2015-06-25Central Library, BUET 623_815100000000000_TEX_19632015-06-25623.8151/TEX/1963Corporate PublicationReading section11 306052015-06-25Central Library, BUET